000 00686nam a2200193Ii 4500
003 JO-AjNU
008 230605s9999||||xx |||||||||||||| ||und||
040 _aJO-AjNU
_bara
_erda
_cJO-AjNU
041 _aara
050 1 4 _aZ695.Z5 .A654
100 3 _aتاليف خليفة ،شعبان عبدالعزيز /م .مشارك محمد عوض العايدي ,
_eauthor
_920572
245 0 0 _aقائمة رؤوس الموضوعات العربة الكبرى الدراسة
264 3 1 _aد.م: د.ن ،1900Z
300 _a70ص
336 _atext
_btxt
_2rdacontent
337 _aunmediated
_bn
_2rdamedia
338 _avolume
_bnc
_2rdacarrier
650 4 _aرؤوس الموضوعات
_920573
999 _aA6995
_c10563
_d10563